Textbook of Microbiology for Nursing / (Record no. 1768)
[ view plain ]
| 000 -LEADER | |
|---|---|
| Fixed length control field | 00536nam a2200205Ia 4500 |
| 003 - CONTROL NUMBER IDENTIFIER | |
| Control field | IIN |
| 005 - DATE AND TIME OF LATEST TRANSACTION | |
| Control field | 20250429120836.0 |
| 008 - FIXED-LENGTH DATA ELEMENTS--GENERAL INFORMATION | |
| Fixed length control field | 250429s9999 xx 000 0 und d |
| 020 ## - INTERNATIONAL STANDARD BOOK NUMBER / ISBN | |
| Price | Rs.1495.00 |
| International Standard Book Number | 9789394792920 |
| 040 ## - CATALOGING SOURCE | |
| Original cataloging agency | IIN |
| Language of cataloging | English |
| 082 ## - DEWEY DECIMAL CLASSIFICATION NUMBER | |
| Classification number | 579.0282 |
| Book Number | BAV |
| 100 1# - MAIN ENTRY--PERSONAL NAME | |
| Personal name | Baveja, C.P. |
| 245 1# - TITLE STATEMENT | |
| Title | Textbook of Microbiology for Nursing / |
| Statement of responsibility | C.P. Baveja |
| 250 ## - EDITION STATEMENT | |
| Edition statement | 7th ed. |
| 260 ## - IMPRINT | |
| Place of publication | New Delhi |
| Name of publisher | Arya |
| Date of publication | 2024 |
| 300 ## - PHYSICAL DESCRIPTION | |
| Page / Vol. No | 294 p. |
| Other physical details | col. ill. |
| 500 ## - GENERAL NOTE | |
| General note | Includes Index |
| 650 1# - SUBJECT ADDED ENTRY--TOPICAL TERM | |
| Topical term | Microbiology |
| Form subdivision | Nursing |
| 942 ## - ADDED ENTRY ELEMENTS (KOHA) | |
| Koha item type | Books |
| Withdrawn status | Lost status | Source of classification | Damaged status | Not for loan | Collection code | Home library | Current library | Shelving location | Date acquired | Price | Total Checkouts | Call number | Accession number | Date last seen | Price effective from | Koha item type |
|---|---|---|---|---|---|---|---|---|---|---|---|---|---|---|---|---|
| Dewey Decimal Classification | Purches Book | IDEAL INSTITUTE OF NURSING | IDEAL INSTITUTE OF NURSING | General Stacks | 11/03/2025 | 1495.00 | 579.0282 BAV | 1932 | 29/04/2025 | 29/04/2025 | Books |
